Alphabet Brotkrumen-Pfad - Statistiken

Allgemein
  • Dieses Quiz wurde 64 mal gespielt
  • Das Durchschnittsergebnis liegt bei 14 aus 26
Antwortstatistiken
# Hinweis Antwort % Korrekt
B Schenkt man am M oft Blumen
95%
M Feiert man zu Ehren der Mutter Muttertag
93%
V Wird oft als Behälter für B verwendet Vase
88%
P Wurde 1939 von einem eruopäischen Land überfallen Polen
86%
W Hauptstadt von P Warschau
86%
T V besteht oft aus diesem Material Ton
79%
L Ein Nachbarstaat von P Litauen
76%
D Werden Konrad in S abgeschnitten Daumen
74%
O Eine Art von B Orchidee
71%
A Der Autor von S war hauptberuflich... Arzt
67%
J Ein Knochen im Kopf Jochbein
64%
F D ist eine Art davon Finger
60%
H Deutscher Reichspräsident ab 1925 Hindenburg
60%
S Name eines deutschen Buchs für Kinder Struwwelpeter
60%
Z Gleichnamig zu H, verunglückte mit Todesopfern Zeppelin
60%
I G ist eines davon Instrument
57%
C Eine bestimmte Art von A Chirurg
52%
G Braucht einen K um Töne zu erzeugen Gitarre
50%
X Gehört zu den I Xylophon
40%
K Dient zur Verstärkung des T bei I Körper
33%
E Einen N kann man sich... einklemmen
19%
Y Eine U in Nordamerik Yale
19%
N Leiten R durch den K Nerv
17%
R Eine G Technik Riff
17%
U Muss A besuchen Universität
17%
Q Wenn man F E dann entsteht eine... Quetschwunde
7%
Keine übereinstimmenden Quizze gefunden
Verteilung der Resultate
Anzahl Personen mit jedem Resultat
Perzentil nach korrekt beantworteten Fragen
Ihre Resultats-Entwicklung
Sie haben dieses Quiz noch nicht gespielt